00397pab a2200133 454500008004000000100002600040245008900066260000900155300001500164362000800179650002500187650001600212773003500228180718b2014 xxu||||| |||| 00| 0 eng d aCotula, Lorenzo et al aTesting claims about large land deals in Africa: Findings from a multi-country study c2014 ap.903-925. aJul aLand tenure - Africa aLand tenure aJournal of Development Studies